Ancient Empires By Flag Quiz - Statistics

General Stats
  • This quiz has been taken 72 times
  • The average score is 4 of 16
Answer Stats
Picture Answer % Correct
Roman Empire
93%
Macedonian Empire
55%
Achaemenid Empire
52%
Assyrian Empire
43%
Carthaginian Empire
36%
Armenian Empire
29%
Dacian Empire
13%
Parthian Empire
11%
Tamil Kingdoms
11%
Phoenician Empire
9%
Aztec Empire
7%
Babylonian Empire
5%
Hittite Empire
5%
Seleucid Empire
4%
Numidian Empire
2%
Van Lang (Hồng Bàng) Kingdom
2%
No matching quizzes found
Score Distribution
Percent of People with Each Score
Percentile by Number Answered
Your Score History
You have not taken this quiz